| 000 | 01558nas a2200277 i 4500 | ||
|---|---|---|---|
| 005 | 20260506103948.0 | ||
| 007 | ta | ||
| 008 | 250122e2016 dr bn|p|r||||||0| ||spa d | ||
| 022 | _a2520-0100 | ||
| 022 | _a2520-0585, registro electrónico. | ||
| 040 |
_aDO-SdBNP _cBNPHU _erda |
||
| 041 | _hspa | ||
| 110 |
_aRolga Group SRL _986909 |
||
| 245 |
_aRevista factor de éxito : _b¡la clave está en la diferenciación! / _cRolga Group SRL. |
||
| 260 |
_aSanto Domingo, República Dominicana : _bRolga Group SRL, _c2016. |
||
| 300 |
_avolumen : _bilustraciones, fotografías ; _c29 cm. |
||
| 310 | _aBimestral. | ||
| 336 |
_atexto _btxt _2rdacontent |
||
| 337 |
_asin mediación _bn _2rdamedia |
||
| 338 |
_avolumen _bnc _2rdacarrier |
||
| 362 | _aNúmero 1, Año 1, Marzo 2016. | ||
| 520 | _aDespués de una exitosa trayectoria en tierras venezolanas, la empresa Factor de Éxito decidió expandirse a República Dominicana, isla con un excelente atractivo para seguir ofreciendo sus servicios de artes gráficas, publicidad y mercadeo, y además, el espacio indicado para el nacimiento de la Revista Factor de Éxito República Dominicana, producción que tiene la firme intención de informar e inspirar actitudes hacia el éxito, contando con un selecto grupo de articulistas y colaboradores dominicanos, que comparten la excelencia como estilo de vida... | ||
| 650 | 0 |
_aNegocios _vPublicaciones periódicas _zRepública Dominicana _974679 |
|
| 650 | 0 |
_aCapital humano _vPublicaciones periódicas _zRepública Dominicana _950829 |
|
| 942 |
_2ddc _cISSUE |
||
| 999 |
_c58080 _d58080 |
||